Paesi nominati nella pagina Wikipedia del Sudafrica - Statistics

Statistiche generali
  • Questo quiz è stato fatto 26 volte
  • Il punteggio medio è 16 su 17
Statistiche sulle risposte
Volte in cui viene nominato Indizio (basato sul motivo per cui lo stato è nominato nella pagina Wikipedia) Paese % Corretto
2 Paese confinante Eswatini
100%
2 Paese che costituisce un'enclave in territorio sudafricano Lesotho
100%
8 Paese dal quale il Sudafrica ha ottenuto l'indipendenza Regno Unito
100%
1 Paese membro del gruppo BRICS assieme al Sudafrica Brasile
95%
1 Paese membro del gruppo BRICS assieme al Sudafrica Cina
95%
1 Paese confinante Mozambico
95%
1 Paese dal quale vennero i primi coloni europei in Sudafrica, detti "Boeri" Paesi Bassi
95%
1 Nel 2010 il Sudafrica ha ospitato i mondiali di calcio; il torneo fu vinto da questo paese Spagna
95%
2 Paese confinante Botswana
91%
1 Paese membro del gruppo BRICS assieme al Sudafrica India
91%
3 Paese confinante Namibia
91%
1 Paese membro del gruppo BRICS assieme al Sudafrica Russia
91%
1 Paese confinante Zimbabwe
91%
1 Paese cui il Sudafrica dichiarò guerra durante la Seconda Guerra Mondiale Germania
86%
4 Paese che per decenni fu alleato del regime dell'Apartheid Stati Uniti
86%
1 Il Sudafrica ha vinto i mondiali di rugby nel 2007, edizione tenutasi in questo paese Francia
73%
1 Il Sudafrica ha vinto i mondiali di rugby nel 2019, edizione tenutasi in questo paese Giappone
73%
Nessun quiz corrispondente trovato
Distribuzione punteggi
Percentuale di utenti per punteggio
Percentile per numero di risposta
I tuoi punteggi nel tempo
Non hai fatto questo quiz